駅名に「大」が含まれる日本の鉄道駅 - Statistics

General Stats
  • This quiz has been taken 311 times
  • The average score is 115 of 486
Answer Stats
市町村 Answer % Correct
さいたま市 大宮
85%
大阪市 大阪
84%
大熊町 大野
80%
大和市 | 桜川市 大和
80%
大津市 大津
80%
指宿市 | 板橋区 大山
78%
品川区 大井町
77%
品川区 大崎
76%
大阪市 新大阪
74%
大田区 | 湖西市 大森
72%
川崎市 大川
71%
函館市 | 大町町 | 富山市 | +3 others 大町
69%
広島市 | 豊島区 大塚
69%
大月市 大月
68%
さいたま市 東大宮
66%
江東区 | 郡上市 大島
66%
さいたま市 西大宮
65%
神戸市 大石
64%
さいたま市 北大宮
62%
三木市 | 大村市 大村
62%
大分市 大分
62%
大館市 大館
61%
大垣市 大垣
61%
宇治市 | 新宿区 | 明石市 | 潟上市 大久保
59%
大石田町 大石田
59%
いすみ市 | 広島市 | 美作市 大原
58%
大洗町 大洗
57%
大磯町 大磯
57%
南山城村 | 大河原町 大河原
56%
大網白里市 大網
56%
千代田区 | 松山市 大手町
56%
沼津市 大岡
56%
文京区 東大前
55%
大津市 大津京
55%
品川区 西大井
54%
奈良市 大和西大寺
54%
江東区 西大島
53%
大府市 大府
53%
大野城市 大野城
53%
嬬恋村 大前
52%
江東区 東大島
52%
かつらぎ町 | 大津市 大谷
52%
品川区 大森海岸
51%
大村市 新大村
51%
大鰐町 大鰐
50%
さいたま市 大宮公園
50%
大田区 大岡山
50%
佐世保市 大学
50%
常陸大宮市 常陸大宮
48%
新宿区 新大久保
48%
大和高田市 大和高田
48%
大牟田市 大牟田
48%
大町市 信濃大町
47%
福岡市 | 長崎市 大橋
47%
南魚沼市 | 米沢市 大沢
46%
大多喜町 大多喜
46%
目黒区 学芸大学
46%
大阪狭山市 大阪狭山市
46%
有田町 大木
46%
大槌町 大槌
45%
目黒区 都立大学
45%
鎌倉市 大船
45%
大阪市 大阪城公園
45%
大阪市 大阪難波
45%
佐倉市 大佐倉
44%
さいたま市 | 島田市 | 門真市 大和田
43%
大野市 越前大野
43%
大阪市 大阪梅田
43%
大田市 大田市
43%
外ヶ浜町 大平
42%
大鰐町 大鰐温泉
41%
大田区 大森町
41%
世田谷区 明大前
41%
上田市 | 東近江市 大学前
41%
名古屋市 | 福知山市 大江
41%
大山崎町 大山崎
41%
大阪市 大阪上本町
41%
橿原市 大和八木
40%
横浜市 | 神戸市 大倉山
39%
大竹市 大竹
39%
大仙市 大曲
38%
大子町 常陸大子
38%
横浜市 大口
38%
大桑村 | 日光市 大桑
37%
大分市 西大分
37%
札幌市 大通
36%
岡崎市 | 港区 | 福山市 大門
36%
品川区 大崎広小路
36%
目黒区 駒場東大前
36%
東大和市 東大和市
36%
京都市 西大路
36%
真室川町 大滝
35%
大垣市 西大垣
35%
大津市 びわ湖浜大津
35%
七飯町 大沼
34%
文京区 新大塚
34%
横浜市 上大岡
34%
名古屋市 大曽根
34%
大阪市 大阪城北詰
34%
大阪市 大阪阿部野橋
34%
池田市 石橋阪大前
34%
泉大津市 泉大津
34%
須崎市 大間
34%
日立市 大甕
32%
板倉町 板倉東洋大前
32%
奈良市 新大宮
32%
桜井市 大和朝倉
32%
米子市 伯耆大山
32%
大洲市 伊予大洲
32%
船橋市 船橋日大前
31%
印西市 印旛日本医大
31%
大月市 上大月
31%
松山市 大浦
31%
名古屋市 大高
30%
柏原市 大阪教育大前
30%
いなべ市 | 伊達市 | 富山市 大泉
29%
七飯町 大沼公園
29%
世田谷区 駒沢大学
29%
横須賀市 新大津
29%
秦野市 東海大学前
29%
大垣市 東大垣
29%
郡上市 大中
29%
名古屋市 名古屋大学
29%
大阪市 大阪天満宮
29%
日出町 大神
29%
大館市 東大館
28%
香取市 大戸
28%
品川区 大井競馬場前
28%
豊島区 大塚駅前
28%
足立区 大師前
28%
八王子市 中央大学・明星大学
28%
大石田町 北大石田
27%
北茨城市 大津港
27%
栃木市 大平下
27%
名古屋市 南大高
27%
大阪市 大阪ビジネスパーク
27%
神戸市 大池
27%
宇和島市 大内
27%
大分市 南大分
27%
大分市 大分大学前
27%
市川市 市川大野
26%
八王子市 大塚・帝京大学
26%
相模原市 相模大野
26%
指宿市 西大山
26%
当別町 北海道医療大学
25%
むつ市 大湊
25%
大崎市 東大崎
25%
大崎市 西大崎
25%
草加市 獨協大学前〈草加松原〉
25%
大田区 大鳥居
25%
練馬区 大泉学園
25%
大町市 南大町
25%
大町市 北大町
25%
大垣市 北大垣
25%
大津市 京阪大津京
25%
吹田市 関大前
25%
大村市 大村車両基地
25%
江別市 大麻
24%
川崎市 川崎大師
24%
藤沢市 六会日大前
24%
新潟市 新潟大学前
24%
都留市 都留文科大学前
24%
稲沢市 大里
24%
鳥取市 鳥取大学前
24%
大山町 大山口
24%
今治市 大西
24%
久留米市 大城
24%
栃木市 新大平下
23%
八王子市 南大沢
23%
豊中市 大阪空港
23%
釧路市 大楽毛
22%
川越市 南大塚
22%
大阪市 大阪港
22%
箕面市 箕面船場阪大前
22%
大和郡山市 大和小泉
22%
岡山市 西大寺
22%
福岡市 福工大前
22%
福岡市 九大学研都市
22%
福岡市 大濠公園
22%
七飯町 大中山
21%
越谷市 大袋
21%
富山市 富山大学前
21%
豊中市 柴原阪大前
21%
北九州市 九州工大前
21%
下野市 自治医大
20%
秩父市 大野原
20%
習志野市 京成大久保
20%
横須賀市 京急大津
20%
北名古屋市 徳重・名古屋芸大
20%
守口市 大日
20%
廿日市市 大野浦
20%
福岡市 九産大前
20%
久留米市 久留米大学前
20%
前橋市 大胡
19%
みどり市 大間々
19%
八千代市 京成大和田
19%
横須賀市 県立大学
19%
新城市 大海
19%
尼崎市 大物
19%
和歌山市 和歌山大学前
19%
釧路市 新大楽毛
18%
前橋市 前橋大島
18%
佐倉市 女子大
18%
富津市 大貫
18%
世田谷区 池尻大橋
18%
京都市 北大路
18%
岩美町 大岩
18%
岡山市 大元
18%
大津町 肥後大津
18%
足立区 西新井大師西
17%
大野市 北大野
17%
三島市 大場
17%
常滑市 大野町
17%
岩倉市 大山寺
16%
大津市 大津市役所前
16%
桜井市 大福
16%
葛城市 大和新庄
16%
吉野町 大和上市
16%
防府市 大道
16%
福岡市 福大前
16%
苅田町 小波瀬西工大前
16%
大仙市 北大曲
15%
日光市 大谷向
15%
船橋市 大神宮下
15%
いすみ市 西大原
15%
横浜市 羽沢横浜国大
15%
大井町 上大井
15%
箱根町 大平台
15%
加賀市 大聖寺
15%
名古屋市 大森・金城学院前
15%
津市 大三
15%
京都市 龍谷大前深草
15%
南丹市 鍼灸大学前
15%
五條市 大和二見
15%
出雲市 出雲大社前
15%
那須烏山市 大金
14%
南足柄市 大雄山
14%
名古屋市 大須観音
14%
いなべ市 大安
14%
長崎市 大浦天主堂
14%
別府市 別府大学
14%
仙台市 東北福祉大前
13%
日光市 下野大沢
13%
鎌ケ谷市 鎌ヶ谷大仏
13%
世田谷区 祖師ヶ谷大蔵
13%
足立区 千住大橋
13%
上越市 大池いこいの森
13%
上田市 大屋
13%
郡上市 大矢
13%
伊豆の国市 大仁
13%
豊橋市 愛知大学前
13%
京都市 西大路御池
13%
京田辺市 大住
13%
大洲市 西大洲
13%
大豊町 大杉
13%
宗像市 教育大前
13%
人吉市 大畑
13%
芽室町 大成
12%
八幡平市 大更
12%
仙台市 大町西公園
12%
最上町 大堀
12%
千葉市 大森台
12%
福井市 福大前西福井
12%
市川三郷町 市川大門
12%
京都市 等持院・立命館大学衣笠キャンパス前
12%
福知山市 大江山口内宮
12%
茨木市 阪大病院前
12%
久留米市 大善寺
12%
長崎市 長崎大学
12%
熊本市 崇城大学前
12%
札幌市 あいの里教育大
11%
坂戸市 西大家
11%
東村山市 武蔵大和
11%
川崎市 大師橋
11%
野々市市 野々市工大前
11%
名古屋市 東大手
11%
蒲郡市 三河大塚
11%
大紀町 大内山
11%
多賀町 多賀大社前
11%
京都市 京都精華大前
11%
福知山市 大江高校前
11%
大阪市 | 雲仙市 大正
11%
堺市 大和川
11%
西宮市 鳴尾・武庫川女子大前
11%
三好市 大歩危
11%
福岡市 馬出九大病院前
11%
小郡市 大保
11%
札幌市 大谷地
10%
青森市 大釈迦
10%
秋田市 大張野
10%
会津若松市 大川ダム公園
10%
大田区 雪が谷大塚
10%
横浜市 日本大通り
10%
大和市 相模大塚
10%
坂井市 大関
10%
甲州市 甲斐大和
10%
松本市 北新・松本大学前
10%
浜松市 大嵐
10%
名古屋市 大同町
10%
長久手市 芸大通
10%
熊野市 大泊
10%
京都市 四条大宮
10%
大阪市 大江橋
10%
大阪市 大国町
10%
姫路市 大塩
10%
丹波篠山市 丹波大山
10%
宇陀市 室生口大野
10%
河合町 大輪田
10%
出雲市 大寺
10%
岡山市 大安寺
10%
柳井市 大畠
10%
美祢市 南大嶺
10%
周南市 大河内
10%
佐世保市 大塔
10%
大分市 大在
10%
田村市 大越
9%
高崎市 高崎商科大学前
9%
長野原町 群馬大津
9%
新潟市 大形
9%
松本市 大庭
9%
京丹後市 京丹後大宮
9%
大野城市 下大利
9%
弘前市 弘前学院大前
8%
八幡平市 東大更
8%
滝沢市 大釜
8%
射水市 越中大門
8%
北杜市 甲斐大泉
8%
名古屋市 久屋大通
8%
尾鷲市 大曽根浦
8%
菰野町 大羽根園
8%
大阪市 西大橋
8%
明石市 大蔵谷
8%
瀬戸内市 大富
8%
福岡市 箱崎九大前
8%
小郡市 大板井
8%
太良町 肥前大浦
8%
諫早市 大草
8%
曽於市 大隅大川原
8%
志布志市 大隅夏井
8%
豊浦町 大岸
7%
今別町 大川平
7%
下妻市 大宝
7%
鹿嶋市 鹿島大野
7%
熊谷市 大麻生
7%
駒ヶ根市 大田切
7%
京都市 茶山・京都芸術大学
7%
神戸市 大開
7%
大淀町 大阿太
7%
松山市 大街道
7%
島原市 大三東
7%
玉名市 大野下
7%
霧島市 大隅横川
7%
釜石市 陸中大橋
6%
北秋田市 大野台
6%
鶴岡市 羽前大山
6%
川西町 西大塚
6%
鉾田市 大洋
6%
宇都宮市 宇都宮大学陽東キャンパス
6%
市原市 上総大久保
6%
足立区 扇大橋
6%
魚沼市 大白川
6%
富山市 大手モール
6%
福井市 大土呂
6%
豊橋市 大清水
6%
豊橋市 駅前大通
6%
新城市 三河大野
6%
阿久比町 植大
6%
津市 伊勢大井
6%
京都市 西大路三条
6%
岸和田市 和泉大宮
6%
米子市 大篠津町
6%
雲南市 南大東
6%
竹原市 大乗
6%
東温市 愛大医学部南口
6%
飯塚市 筑前大分
6%
大刀洗町 大堰
6%
長崎市 大学病院
6%
長崎市 大浦海岸通
6%
弘前市 津軽大沢
5%
階上町 大蛇
5%
東松島市 陸前大塚
5%
鹿角市 陸中大里
5%
上越市 ほくほく大島
5%
浜松市 常葉大学前
5%
川根本町 奥大井湖上
5%
大阪市 住吉大社
5%
堺市 大小路
5%
雲南市 出雲大東
5%
岡山市 大多羅
5%
山口市 大歳
5%
三豊市 比地大
5%
八戸市 大久喜
4%
深浦町 大間越
4%
中泊町 大沢内
4%
大館市 大滝温泉
4%
金山町 会津大塩
4%
筑西市 大田郷
4%
横浜市 市大医学部
4%
糸魚川市 頸城大野
4%
関川村 越後大島
4%
福井市 越前大宮
4%
福井市 福井城址大名町
4%
郡上市 郡上大和
4%
東伊豆町 伊豆大川
4%
神戸市 旧居留地・大丸前
4%
出雲市 大津町
4%
板野町 阿波大宮
4%
高知市 大橋通
4%
糸島市 大入
4%
大木町 大溝
4%
伊万里市 大川野
4%
長崎市 大波止
4%
深浦町 大戸瀬
3%
宮古市 八木沢・宮古短大
3%
栃木市 野州大塚
3%
上越市 虫川大杉
3%
富山市 大川寺
3%
金沢市 大河端
3%
若狭町 大鳥羽
3%
飯山市 西大滝
3%
松川町 伊那大島
3%
大垣市 大外羽
3%
京都市 松尾大社
3%
紀の川市 大池遊園
3%
広島市 広大附属学校前
3%
萩市 長門大井
3%
伊予市 伊予大平
3%
大豊町 大田口
3%
福岡市 薬院大通
3%
田川市 大藪
3%
うきは市 筑後大石
3%
日南市 大堂津
3%
串間市 日向大束
3%
南九州市 頴娃大川
3%
富山市 大庄
2%
身延町 甲斐大島
2%
小谷村 白馬大池
2%
四日市市 大矢知
2%
伊賀市 西大手
2%
岡山市 西大寺町・岡山芸術創造劇場ハレノワ前
2%
津山市 美作大崎
2%
高知市 土佐大津
2%
長崎市 新大工町
2%
大阪市 千林大宮
1%
岡山市 大雲寺前
1%
広島市 修大協創中高前
1%
鳴門市 阿波大谷
1%
四万十町 土佐大正
1%
黒潮町 西大方
1%
糸田町 豊前大熊
1%
阿久根市 薩摩大川
1%
富山市 粟島(大阪屋ショップ前)
0%
東近江市 朝日大塚
0%
岡山市 新西大寺町筋
0%
No matching quizzes found
Score Distribution
Percent of People with Each Score
Percentile by Number Answered
Your Score History
You have not taken this quiz